000 01093nam a22002777a 4500
999 _c114838
_d114838
003 dpl
005 20190624144836.0
008 180713b xxu||||| |||| 00| 0 eng d
010 _aB-004704, B-004708
020 _c150.00
035 _aB-004704, B-004708
037 _bCen Lib/Ret
040 _aDPL
_bHN
_c0
082 _a
_bसाधुरा
100 _aसाधुराम दर्शक
_958602
245 _aमेरी श्रेष्ठ कहानियां /
_cसाधुराम दर्शक
246 _aMeri shreshth kahaniyan
_b by Sadhuram Darshak
260 _aदिल्ली
_bअनिल प्रकाशन
_c1999
270 _a2619/20, न्यू मार्किट नई सड़क
_b दिल्ली
_e110006
300 _a147पृष्ठ.
_c20(सजिल्द)
650 _aहिंदी साहित्य
_958603
650 _a हिंदी कहानी
_958604
650 _ahindi literature
_958605
650 _aHindi Story
_943117
942 _2ddc
_cHN
_h
_mसाधुरा